000 00686nam a2200241 i 4500
001 C2-0157545
003 PPAK
005 20180727132729.0
008 980426s1996 my |||| ||||| | may d
020 _a9838381284
040 _aPPAK
_beng
_cPPAK
_erda
082 0 4 _a297.197835
_223
090 0 0 _a297.197835
_bMUH
_dG
100 0 _aMuhammad Abdul Halim Hamid,
_eauthor
245 1 0 _aIsteri yang menjadi penawar hati suami
264 1 _aKuala Lumpur :
_bSyarikat Nurulhas ,
_c1996
300 _a240 pages ;
_c22 cm
336 _2rdacontent
_atext
337 _2rdamedia
_aunmediated
338 _2rdacarrier
_avolume
650 1 0 _aMarried people - Religious life
942 _ddc
_cB
999 _c48410
_d48410